| 000 | 00933cam a2200289 i 4500 | ||
|---|---|---|---|
| 001 | 3192784 | ||
| 003 | OSt | ||
| 005 | 20160810094040.0 | ||
| 008 | 771025s1978 nyua b 001 0 eng | ||
| 010 | _a 77006946 | ||
| 020 |
_a0804421293 : _c$9.50 |
||
| 040 |
_aDLC _cDLC _dDLC |
||
| 050 | 0 | 0 |
_aPR3494 _b.D3 |
| 082 | 0 | 0 | _a822/.6/08 |
| 100 | 1 | _aDanziger, Marlies K. | |
| 245 | 0 | 0 |
_aOliver Goldsmith and Richard Brinsley Sheridan / _cMarlies K. Danziger. |
| 260 |
_aNew York : _bF. Ungar, _cc1978. |
||
| 300 |
_av, 184 p. _bill. ; _c20 cm. |
||
| 490 | 0 | _aWorld dramatists | |
| 500 | _aIncludes index. | ||
| 504 | _aBibliography: p. 171-174. | ||
| 600 | 1 | 0 |
_aGoldsmith, Oliver, _d1730?-1774 _xComedies. |
| 600 | 1 | 0 |
_aSheridan, Richard Brinsley, _d1751-1816 _xCriticism and interpretation. |
| 650 | 0 |
_aEnglish drama (Comedy) _xHistory and criticism. |
|
| 906 |
_a7 _bcbc _corignew _d1 _eocip _f19 _gy-gencatlg |
||
| 942 |
_2lcc _cBOOKS |
||
| 999 |
_c13204 _d13204 |
||